000 02248cam a22006614i 4500
003 PE-LiUPU
005 20250731180052.0
008 150813s2013 ck a rb 001 0 spa d
020 _a9587620917
020 _a9789587620917
035 _a(Sirsi) i9789587620917
040 _aPE-LiUPU
_bspa
_cPE-LiUPU
_erda
049 _aPRUA
050 4 _aQA 273.2
_bO74
082 _a519.5
_bO74
100 1 _aOrtiz Pinilla, Jorge,
_eautor.
245 1 0 _aPrincipios de estadística aplicada /
_cJorge Ortiz Pinilla.
250 _aPrimera edición.
264 1 _aBogotá :
_bEdiciones de la U,
_c2013.
300 _avi, 187 páginas :
_bilustraciones ;
_c24 centímetros.
336 _atext
_2rdacontent
337 _aunmediated
_2rdamedia
338 _avolume
_2rdacarrier
490 0 _aEstadística
504 _aBibliografía : página 185.
504 _aÍndice alfabético : páginas 186-187.
505 0 _aRelaciones y conteo -- Objetos de estudio -- Medición colectiva -- Asociación -- La población como una urna -- Probabilidades -- Inferencia estadística -- Inferencia con distribuciones conocidas.
526 _aSEG44
526 _aSEG26
526 _aP159
526 _aP155
526 _aP154
526 _aP153
526 _aP150
526 _aP100
526 _aP31
526 _aP30
526 _aP26
526 _aP25
526 _aP24
526 _aP22
526 _aP15
526 _aP10
541 _g043-0014556;
650 1 4 _aEstadística.
650 2 4 _aAsociación.
650 2 4 _aInferenca estadística.
650 2 4 _aMediciones colectivas.
650 2 4 _aObjetos de estudio.
650 2 4 _aProbabilidades.
650 2 4 _aRelaciones y conteo.
910 _ardg
_bjck
_crdg
_d20150818
942 _2ddc
_cBOOK
949 _a519.5 O74
_wDEWEY
_c1
_i71425
_d2016-8-22
_e2016-8-22
_lCCODEBUL1
_mBUL
_n2
_p15.78
_r0
_sY
_tBOOK
_u2015-8-11
_xFCE
_PP08
_0COMPRA
_o.STAFF. Colección General
994 _aC0
_bPEPRU
596 _a1
999 _a519.5 O74
_wDEWEY
_c6724
_i71425
_d6724
_e2019-1-17
_f2021-11-30
_g6
_lCCODEBUL1
_mBUL
_n3
_p15.78
_r0
_sY
_tBOOK
_u2015-8-11
_xFCE
_PP08
_0COMPRA
_o.STAFF. Colección General
980 _81
_gALBERTO SANCHEZ Responsable de Automatización